000 00688nam a22002417a 4500
003 UA-OsUOA
001 23553
007 ta
008 20040123b un ||||| |||| 00| 0 ukr d
090 _a327(082)
_bД44
942 _cBK
040 _aUA-OsUOA
_bukr
_cUA-OsUOA
_dUA-OsUOA
245 _aДіалог цивілізацій: протиріччя глобалізації
_bМатер. Другої Всесвіт. конф. Київ, 23 трав. 2003р.
300 _a376 с.
_bІлюстрації
955 _a0
041 _aukr
080 _a327(082)
020 _a966-608-329-9
260 _aКиїв
_bМАУП
_c2003
044 _aUA
650 7 _2UDC
999 _c309804
_d309804